Introductory statistics for business and economics /
Guardado en:
| Autor Principal: | |
|---|---|
| Otros Autores: | |
| Formato: | Libro |
| Idioma: | English |
| Publicado: |
New York :
Wiley,
c1977.
|
| Edición: | 2nd ed. |
| Series: | Wiley series in probability and mathematical statistics
|
| Materias: | |
| Etiquetas: |
Agregar Etiqueta
Sin Etiquetas, Sea el primero en etiquetar este registro!
|
| LEADER | 01069cam a22003015a 4500 | ||
|---|---|---|---|
| 001 | EIQ.libpla000347 | ||
| 008 | 761117s1977####nyua#####s####001#0#eng#d | ||
| 005 | 20080710193236.0 | ||
| 245 | 1 | 0 | |a Introductory statistics for business and economics / |c Thomas H. Wonnacott and Ronald J. Wonnacott. |
| 250 | |a 2nd ed. | ||
| 260 | |a New York : |b Wiley, |c c1977. | ||
| 300 | |a xxii, 753 p. : |b il., tablas ; |c 24 cm. | ||
| 490 | 0 | |a Wiley series in probability and mathematical statistics | |
| 500 | |a Incluye índice. | ||
| 020 | |a 0471959804 | ||
| 100 | 1 | |a Wonnacott, Thomas H., |d 1935- | |
| 700 | 1 | |a Wonnacott, Ronald J. | |
| 082 | 0 | 0 | |a 519.5 |
| 650 | 4 | |a Ciencias sociales |x Métodos estadisticos. | |
| 650 | 4 | |a Economía |x Métodos estadisticos. | |
| 650 | 4 | |a Estadisticas |x Negocios. | |
| 650 | 0 | |a Social sciences |x Statistical methods. | |
| 650 | 4 | |a Statistics |x Business. | |
| 650 | 4 | |a Commercial statistics |x Concepts. | |
| 650 | 0 | |a Economics |x Statistical methods. | |
| 010 | |a 76055773 | ||
| 040 | |a DLC |c DLC |d AR-BbSID | ||
| 859 | |a AR-BbSID |b BIB. PLAPIQUI |h 519.5 |i W 848 |p 243 | ||
